[Event "Rubinstein Memorial 52nd"]
[Site "Polanica Zdroj"]
[Date "2016.08.21"]
[Round "2"]
[White "Voloshin, Leonid"]
[Black "Janulek, Dawid"]
[Result "1-0"]
[WhiteElo "2425"]
[BlackElo "2046"]
[PlyCount "143"]
[EventDate "2016.08.20"]
[EventType "swiss"]
[EventRounds "10"]
[EventCountry "POL"]
[SourceTitle "CBM 174 Extra"]
[Source "ChessBase"]
[SourceDate "2016.10.10"]
[SourceVersion "1"]
[SourceVersionDate "2016.10.10"]
[SourceQuality "1"]

1. d4 d5 2. c4 c6 3. e3 Nf6 4. Nc3 e6 5. Nf3 Nbd7 6. Qc2 Bd6 7. Bd2 0-0 8. Be2 b6 9. 0-0 Bb7 10. a4 c5 11. cxd5 Nxd5 12. Nxd5 Bxd5 13. e4 Bb7 14. Bc3 cxd4 15. Bxd4 e5 16. Bc3 Qe7 17. a5 Nf6 18. Bd3 Rac8 19. Qe2 Rfd8 20. Rfd1 h6 21. g3 g6 22. Kg2 Kh7 23. h3 Kg7 24. Kh2 Kh7 25. Kg2 Kg7 26. Rac1 Kh7 27. Bc2 Bc7 28. Rxd8 Rxd8 29. axb6 axb6 30. Kh2 Kg7 31. Ra1 Kh7 32. Ra7 Bb8 33. Ra1 Bc7 34. Qe3 Kg7 35. Bd2 Ng8 36. Rc1 Rc8 37. Bb1 Bd8 38. Rxc8 Bxc8 39. Qc3 Bc7 40. Qc6 Qd7 41. Qxd7 Bxd7 42. Bb4 Bc6 43. Nd2 Nf6 44. Kg2 Nd7 45. Kf3 f6 46. Ke3 Nc5 47. Ba2 g5 48. Bc4 Kf8 49. Be6 Ke7 50. Bf5 Ba4 51. Ba3 Bb5 52. Bg4 Bd6 53. Be2 Bd7 54. Bg4 Bb5 55. Be2 Bd7 56. Nc4 b5 57. Nxd6 Kxd6 58. h4 Kc6 59. h5 Be6 60. Bd1 Bf7 61. Bg4 Bc4 62. Bf5 Bb3 63. Bg6 Bd1 64. Bb4 Kb6 65. f4 Bg4 66. fxe5 fxe5 67. Bc3 Nd7 68. Bf5 Bxf5 69. exf5 Kc6 70. Ke4 Kd6 71. Bb4+ Kc6 72. Be7 1-0

[Event "POL-chT U26 rapid"]
[Site "Hucisko"]
[Date "2016.01.16"]
[Round "2.10"]
[White "Janulek, Dawid"]
[Black "Piesik, Piotr"]
[Result "0-1"]
[WhiteElo "1982"]
[BlackElo "2292"]
[PlyCount "88"]
[EventDate "2016.01.16"]
[EventType "team-swiss (rapid)"]
[EventRounds "9"]
[EventCountry "POL"]
[SourceTitle "CBM 170 Extra"]
[Source "ChessBase"]
[SourceDate "2016.02.25"]
[SourceVersion "1"]
[SourceVersionDate "2016.02.25"]
[SourceQuality "1"]
[WhiteTeam "Warsaw SGH"]
[BlackTeam "Katowice UE"]
[WhiteTeamCountry "POL"]
[BlackTeamCountry "POL"]

1. e4 g6 2. d4 Bg7 3. Nc3 c6 4. f4 d5 5. e5 h5 6. Nf3 Nh6 7. Be3 Bg4 8. h3 Bxf3 9. Qxf3 h4 10. Bd3 Qd7 11. 0-0-0 Nf5 12. Ne2 e6 13. g4 hxg3 14. Nxg3 Nh4 15. Qf2 Bf8 16. Kb1 b5 17. Nf1 a5 18. Nd2 a4 19. Nf3 Be7 20. Nxh4 Bxh4 21. Qd2 Na6 22. Bf2 Be7 23. h4 Nb4 24. Be2 0-0-0 25. h5 gxh5 26. Rxh5 Rxh5 27. Bxh5 Na6 28. Rg1 a3 29. b3 Rh8 30. Bf3 Rh2 31. Rg2 Rh3 32. Rg3 Rh2 33. Rg2 Rxg2 34. Bxg2 Qe8 35. Qe3 Bb4 36. f5 Qg8 37. Bh3 Nc7 38. fxe6 fxe6 39. Bf1 Qg4 40. Be2 Qg2 41. Qf3 Qxf3 42. Bxf3 Bc3 43. Kc1 b4 44. Kd1 Nb5 0-1

[Event "Poznan op 23rd"]
[Site "Poznan"]
[Date "2015.08.17"]
[Round "9"]
[White "Tomaszewski, Kacper"]
[Black "Janulek, Dawid"]
[Result "1-0"]
[WhiteElo "2215"]
[BlackElo "2009"]
[PlyCount "84"]
[EventDate "2015.08.10"]
[EventType "swiss"]
[EventRounds "9"]
[EventCountry "POL"]
[SourceTitle "CBM 167 Extra"]
[Source "ChessBase"]
[SourceDate "2015.09.14"]
[SourceVersion "1"]
[SourceVersionDate "2015.09.14"]
[SourceQuality "1"]

1. d4 Nf6 2. c4 e6 3. Nc3 Bb4 4. Nf3 Nc6 5. Qc2 d6 6. e3 0-0 7. Bd2 e5 8. dxe5 Nxe5 9. a3 Bxc3 10. Bxc3 Qe7 11. Be2 Bd7 12. c5 Bc6 13. cxd6 Nxf3+ 14. gxf3 cxd6 15. Rg1 g6 16. b4 Rac8 17. Qd2 Nd5 18. Bb2 a6 19. Qd4 Qe5 20. Qxe5 dxe5 21. Bxe5 Rfe8 22. Bd4 Bb5 23. Bxb5 axb5 24. Kd2 Rc4 25. Rgc1 Rec8 26. Rxc4 Rxc4 27. Rc1 Rxc1 28. Kxc1 Kf8 29. Kc2 Ke7 30. Bc5+ Ke6 31. Kb3 Kd7 32. Kc2 Kc6 33. Kd3 Nc7 34. Ke4 Ne6 35. Be7 Kd7 36. Bf6 Kd6 37. f4 Nf8 38. f5 Nd7 39. Bd4 f6 40. f4 Kc6 41. h4 gxf5+ 42. Kxf5 Kd5 1-0

[Event "Poznan op 23rd"]
[Site "Poznan"]
[Date "2015.08.16"]
[Round "8"]
[White "Janulek, Dawid"]
[Black "Schmidt, Wlodzimierz"]
[Result "1/2-1/2"]
[WhiteElo "2009"]
[BlackElo "2325"]
[PlyCount "34"]
[EventDate "2015.08.10"]
[EventType "swiss"]
[EventRounds "9"]
[EventCountry "POL"]
[SourceTitle "CBM 167 Extra"]
[Source "ChessBase"]
[SourceDate "2015.09.14"]
[SourceVersion "1"]
[SourceVersionDate "2015.09.14"]
[SourceQuality "1"]

1. d4 Nf6 2. c4 g6 3. Nc3 d5 4. cxd5 Nxd5 5. Bd2 Bg7 6. e4 Nb6 7. Be3 0-0 8. h3 e5 9. d5 c6 10. Qb3 cxd5 11. exd5 e4 12. Rd1 Re8 13. Nge2 Na6 14. Ng3 f5 15. Bb5 Bd7 16. Bxd7 Qxd7 17. 0-0 Rac8 1/2-1/2

[Event "Poznan op 23rd"]
[Site "Poznan"]
[Date "2015.08.14"]
[Round "5"]
[White "Paprocki, Jaroslaw"]
[Black "Janulek, Dawid"]
[Result "1-0"]
[WhiteElo "2149"]
[BlackElo "2009"]
[PlyCount "89"]
[EventDate "2015.08.10"]
[EventType "swiss"]
[EventRounds "9"]
[EventCountry "POL"]
[SourceTitle "CBM 167 Extra"]
[Source "ChessBase"]
[SourceDate "2015.09.14"]
[SourceVersion "1"]
[SourceVersionDate "2015.09.14"]
[SourceQuality "1"]

1. Nf3 Nf6 2. c4 Nc6 3. d4 e6 4. e3 Bb4+ 5. Bd2 Bxd2+ 6. Qxd2 d6 7. Nc3 e5 8. dxe5 Nxe5 9. Nd4 0-0 10. Be2 Re8 11. 0-0 Bd7 12. Rad1 a6 13. Qc2 Qe7 14. Rfe1 Rad8 15. Bf1 Be6 16. f4 Nc6 17. Nxe6 fxe6 18. g3 e5 19. Nd5 Nxd5 20. cxd5 Nb8 21. Bh3 c5 22. Be6+ Kh8 23. fxe5 dxe5 24. Rf1 Rf8 25. Qc3 Qd6 26. e4 g6 27. Kg2 Kg7 28. Rf4 g5 29. Rg4 h6 30. h4 Nc6 31. Qb3 Na5 32. Qe3 Qe7 33. hxg5 h5 34. Rh4 Nc4 35. Qe2 b5 36. b3 Nd6 37. Rxh5 Rh8 38. Rdh1 Nf7 39. Qf3 Rxh5 40. Rxh5 Rh8 41. Bxf7 Rxh5 42. Qxh5 Qxf7 43. Qh6+ Kg8 44. g6 Qf6 45. d6 1-0

[Event "Poznan op 23rd"]
[Site "Poznan"]
[Date "2015.08.13"]
[Round "4"]
[White "Janulek, Dawid"]
[Black "Polak, Karol"]
[Result "1-0"]
[WhiteElo "2009"]
[BlackElo "1529"]
[PlyCount "52"]
[EventDate "2015.08.10"]
[EventType "swiss"]
[EventRounds "9"]
[EventCountry "POL"]
[SourceTitle "CBM 167 Extra"]
[Source "ChessBase"]
[SourceDate "2015.09.14"]
[SourceVersion "1"]
[SourceVersionDate "2015.09.14"]
[SourceQuality "1"]

1. e4 e6 2. d4 d5 3. Nc3 dxe4 4. Nxe4 Nf6 5. Bd3 Nxe4 6. Bxe4 c5 7. Nf3 f5 8. Bd3 cxd4 9. Nxd4 Qa5+ 10. c3 Qe5+ 11. Be3 Bd7 12. 0-0 Bd6 13. g3 a6 14. Re1 Qf6 15. Nxf5 Bc7 16. Bd4 e5 17. f4 0-0 18. fxe5 Qg5 19. h4 Qd8 20. e6 Bxe6 21. Rxe6 Rxf5 22. Bxf5 Nc6 23. Qh5 Nxd4 24. Bxh7+ Kh8 25. Bg6+ Kg8 26. Qh7+ Kf8 1-0

[Event "Poznan op 23rd"]
[Site "Poznan"]
[Date "2015.08.12"]
[Round "3"]
[White "Wlodarczak, Damian"]
[Black "Janulek, Dawid"]
[Result "0-1"]
[WhiteElo "1663"]
[BlackElo "2009"]
[PlyCount "163"]
[EventDate "2015.08.10"]
[EventType "swiss"]
[EventRounds "9"]
[EventCountry "POL"]
[SourceTitle "CBM 167 Extra"]
[Source "ChessBase"]
[SourceDate "2015.09.14"]
[SourceVersion "1"]
[SourceVersionDate "2015.09.14"]
[SourceQuality "1"]

1. e4 c5 2. Nf3 d6 3. d4 cxd4 4. Nxd4 Nf6 5. Nc3 a6 6. Bg5 e6 7. f4 Qb6 8. Qd2 Nc6 9. 0-0-0 Qxd4 10. Qxd4 Nxd4 11. Rxd4 Be7 12. Na4 Bd7 13. Nb6 Rd8 14. Nxd7 Rxd7 15. Be2 e5 16. fxe5 dxe5 17. Rxd7 Nxd7 18. Bxe7 Kxe7 19. Bc4 Nb6 20. Bb3 Rd8 21. Rd1 f6 22. Rxd8 Kxd8 23. Kd2 Kc7 24. h4 Kd6 25. g4 Kc5 26. Kd3 a5 27. c3 Nc8 28. Bg8 h6 29. h5 Ne7 30. Bh7 b5 31. Bf5 Nc6 32. Bd7 Nb8 33. Be8 Na6 34. b3 Kb6 35. Bf7 Nc5+ 36. Ke3 b4 37. cxb4 axb4 38. Bd5 Na6 39. Kd3 Kc5 40. Bf7 Nc7 41. Bc4 Ne8 42. Bf7 Nd6 43. Bc4 Nc8 44. Bf7 Kb6 45. Bd5 Nd6 46. Bc4 Kc5 47. Ba6 Nf7 48. Ke3 Ng5 49. Bf1 Ne6 50. Bc4 Nf4 51. Bf7 Kd6 52. Be8 Ke7 53. Bg6 Kf8 54. Bf5 Kf7 55. Bh7 g6 56. hxg6+ Kg7 57. Kd2 Nxg6 58. Bxg6 Kxg6 59. Kd3 Kg5 60. Kc4 Kxg4 61. Kxb4 h5 62. a4 h4 63. a5 h3 64. a6 h2 65. a7 h1Q 66. a8Q Kf4 67. Kc5 f5 68. b4 Qxe4 69. Qd8 Qe3+ 70. Kc4 Qc1+ 71. Kb3 Qb1+ 72. Kc4 Qf1+ 73. Kc5 e4 74. b5 e3 75. b6 e2 76. Qd6+ Kf3 77. Qd3+ Kg2 78. b7 Qf2+ 79. Kc6 e1Q 80. b8Q Qe6+ 81. Qbd6 Qxd6+ 82. Kxd6 0-1

[Event "POL-chT 2nd League"]
[Site "Szczyrk"]
[Date "2014.09.10"]
[Round "5.89"]
[White "Zaleski, Lukasz"]
[Black "Janulek, Dawid"]
[Result "0-1"]
[WhiteElo "2006"]
[BlackElo "1936"]
[PlyCount "50"]
[EventDate "2014.09.06"]
[EventType "team-swiss"]
[EventRounds "9"]
[EventCountry "POL"]
[SourceTitle "EXT 2015"]
[Source "ChessBase"]
[SourceDate "2014.11.20"]
[SourceVersion "1"]
[SourceVersionDate "2014.11.20"]
[SourceQuality "1"]
[WhiteTeam "Kolbudy UKS Zawisza"]
[BlackTeam "Pszczyna PSSz"]
[WhiteTeamCountry "POL"]
[BlackTeamCountry "POL"]

1. e4 c5 2. Nf3 d6 3. Bb5+ Bd7 4. Bxd7+ Qxd7 5. c4 Nf6 6. Nc3 g6 7. d4 cxd4 8. Nxd4 Bg7 9. f3 0-0 10. Be3 a6 11. Qd2 Nc6 12. Nxc6 Qxc6 13. Rc1 Qxc4 14. Nd5 Qxa2 15. Nxe7+ Kh8 16. Qxd6 Qxb2 17. 0-0 Rfd8 18. Qf4 Rd7 19. Rfd1 Rxe7 20. Bd4 Nh5 21. Bxg7+ Nxg7 22. Qd6 Qe5 23. Qxe5 Rxe5 24. Rc7 b5 25. Rdd7 Rf8 0-1

[Event "POL Region-ch U17"]
[Site "Szczyrk"]
[Date "2012.10.21"]
[Round "4.6"]
[White "Janulek, Dawid"]
[Black "Drela, Michal"]
[Result "1-0"]
[WhiteElo "1810"]
[BlackElo "1620"]
[PlyCount "121"]
[EventDate "2012.10.14"]
[EventType "swiss"]
[EventRounds "9"]
[EventCountry "POL"]
[SourceTitle "EXT 2023"]
[Source "ChessBase"]
[SourceDate "2022.10.05"]
[SourceVersion "1"]
[SourceVersionDate "2022.10.05"]
[SourceQuality "1"]

1. d4 d5 2. Nc3 c6 3. Nf3 Nf6 4. Bg5 Bf5 5. e3 e6 6. Bd3 Bxd3 7. Qxd3 Be7 8. 0-0-0 Nbd7 9. Bxf6 Nxf6 10. h3 Qa5 11. Nd2 0-0 12. g4 b5 13. f3 Nd7 14. Kb1 Rab8 15. e4 Rfd8 16. f4 dxe4 17. Qxe4 Nf6 18. Qe3 Bb4 19. Nde4 Bxc3 20. Qxc3 Qxc3 21. Nxc3 b4 22. Ne2 Nd5 23. Rd3 a5 24. Rf1 Re8 25. c4 bxc3 26. Nxc3 Nb6 27. Kc2 Nc4 28. b3 Na3+ 29. Kd2 Nb5 30. Rc1 Nd6 31. Ke3 Rec8 32. Ne4 Nb5 33. Rc5 Ra8 34. Nc3 Rab8 35. Nxb5 cxb5 36. Rdc3 Rxc5 37. Rxc5 Kf8 38. Rc7 a4 39. b4 g6 40. g5 Rd8 41. Ke4 Ke8 42. Rc5 Rb8 43. Ke5 Ke7 44. Rc7+ Ke8 45. Kf6 Rd8 46. Re7+ Kf8 47. Rxf7+ Kg8 48. Rg7+ Kh8 49. Rb7 Rf8+ 50. Kxe6 Rxf4 51. d5 Re4+ 52. Kf6 Rf4+ 53. Ke5 Rf5+ 54. Ke6 Rxg5 55. d6 Rg2 56. d7 Re2+ 57. Kf6 Rf2+ 58. Ke5 Re2+ 59. Kf4 Rf2+ 60. Ke3 Rf8 61. Rc7 1-0

[Event "POL Region-ch U17"]
[Site "Szczyrk"]
[Date "2012.10.21"]
[Round "5.3"]
[White "Janulek, Dawid"]
[Black "Mroziak, Maciej"]
[Result "0-1"]
[WhiteElo "1810"]
[BlackElo "2164"]
[PlyCount "58"]
[EventDate "2012.10.14"]
[EventType "swiss"]
[EventRounds "9"]
[EventCountry "POL"]
[SourceTitle "EXT 2023"]
[Source "ChessBase"]
[SourceDate "2022.10.05"]
[SourceVersion "1"]
[SourceVersionDate "2022.10.05"]
[SourceQuality "1"]

1. d4 Nf6 2. Nc3 d5 3. Bg5 e6 4. e4 dxe4 5. Nxe4 Be7 6. Bxf6 gxf6 7. Nf3 b6 8. Bd3 Bb7 9. Qe2 c6 10. 0-0 Qc7 11. Qe3 Nd7 12. c3 h5 13. b4 h4 14. h3 0-0-0 15. a4 Rdg8 16. a5 f5 17. Ned2 Nf6 18. axb6 axb6 19. Qe5 Nd5 20. Qxc7+ Kxc7 21. Bc4 Nf4 22. Ne1 Nxh3+ 23. Kh2 Nf4 24. Ndf3 c5 25. bxc5 bxc5 26. Rg1 Bd6 27. Ne5 Rg7 28. Kh1 Bxe5 29. dxe5 h3 0-1

[Event "POL-chT U19 2nd League"]
[Site "Borowice"]
[Date "2012.07.23"]
[Round "4"]
[White "Stasiowski, Karol"]
[Black "Janulek, Dawid"]
[Result "0-1"]
[WhiteElo "1507"]
[BlackElo "1777"]
[PlyCount "104"]
[EventDate "2012.07.21"]
[EventType "team-swiss"]
[EventRounds "11"]
[EventCountry "POL"]
[SourceTitle "EXT 2014"]
[Source "ChessBase"]
[SourceDate "2013.11.20"]
[SourceVersion "1"]
[SourceVersionDate "2013.11.20"]
[SourceQuality "1"]
[WhiteTeam "Imielin MKSz Diagonalia U19"]
[BlackTeam "Pszczyna PSSz U19"]
[WhiteTeamCountry "POL"]
[BlackTeamCountry "POL"]

1. e4 c5 2. c3 d5 3. exd5 Qxd5 4. d4 Nc6 5. Nf3 Bg4 6. Be2 cxd4 7. cxd4 e6 8. 0-0 Nf6 9. Nc3 Qa5 10. h3 Bh5 11. Bf4 Rd8 12. Bb5 Bxf3 13. Qxf3 Nd5 14. Nxd5 Rxd5 15. Bxc6+ bxc6 16. a3 Qb6 17. Rac1 Be7 18. Qc3 0-0 19. Qxc6 Qxb2 20. Qc7 Bxa3 21. Be5 Qb6 22. Qxb6 axb6 23. Rb1 b5 24. Rb3 b4 25. Rg3 f6 26. Bc7 Rxd4 27. Rb1 Rc8 28. Bb6 Rd5 29. Rgb3 Rc6 30. Be3 Kf7 31. Kf1 Rc2 32. Ke1 e5 33. Rd1 Rxd1+ 34. Kxd1 Rc3 35. Rxc3 bxc3 36. Kc2 Bb2 37. Bc5 Ke6 38. Bb4 Kf5 39. Bxc3 Bxc3 40. Kxc3 Kf4 41. Kd3 h5 42. Kc3 h4 43. Kd3 g5 44. Kd2 f5 45. Kd3 g4 46. Ke2 gxh3 47. gxh3 e4 48. Kf1 Kf3 49. Kg1 f4 50. Kf1 e3 51. Kg1 e2 52. Kh2 Kxf2 0-1